000 00551nam a22001937a 4500
999 _c7619
_d7619
003 OSt
005 20220119121156.0
008 220119b ||||| |||| 00| 0 eng d
020 _a034067783x
040 _cDDC
082 _a530HAN 2004
100 _aHand,J.David;
_915576
245 _aMeasurement theory and Practice:
_bThe World through Qualification.
_cHand,J.David;
260 _aLondon,
_bAnold
_c2004.
300 _aviii,320p;
_bill;
_c24cm.
504 _areferences and index are included.
650 _aphysics.
_9809
942 _2ddc
_cO_SHELF